Reprezentacje AFC, które wystąpiły na Mistrzostwach Świata - Statystyki

Ogólne statystyki
  • Ten quiz został rozwiązany 44 razy
  • Średni wynik to 11 z 12
Statystyki odpowiedzi
Ile razy? W jakich latach? Najlepszy wynik Reprezentacja % Poprawnych
6 1994, 1998, 2002, 2014, 2018, 2022 1/8 finału Arabia Saudyjska
100%
1 2002 Faza grupowa Chiny
100%
7 1998, 2002, 2006, 2010, 2014, 2018, 2022 1/8 finału Japonia
100%
11 1954, 1986, 1990, 1994, 1998, 2002, 2006, 2010, 2014, 2018, 2022 4. miejsce Korea Południowa
100%
1 2022 Faza grupowa Katar
97%
6 1978, 1998, 2006, 2014, 2018, 2022 Faza grupowa Iran
95%
2 1966, 2010 Ćwierćfinał Korea Północna
95%
1 1986 Faza grupowa Irak
90%
6 1974, 2006, 2010, 2014, 2018, 2022 1/8 finału Australia (w 1974 jako członek OFC)
82%
1 1990 Faza grupowa Zjednoczone Emiraty Arabskie
79%
1 1938 1/8 finału Indonezja (jako Holenderskie Indie Wschodnie)
77%
1 1982 Faza grupowa Kuwejt
69%
Nie znaleziono quizów pasujących do podanych kryteriów
Rozkład punktacji
Procent ludzi z każdym wynikiem
Percentyl według liczby udzielonych odpowiedzi
Twoja historia wyników
Nie rozwiązałeś tego quizu